| 000 | 00626nam a2200217 a 4500 | ||
|---|---|---|---|
| 005 | 20240228064139.0 | ||
| 008 | 140624s2006 mx r 000 0 spa d | ||
| 020 | _a8467508639 | ||
| 035 | _aUPN01000198274 | ||
| 049 | _aI | ||
| 050 | 4 |
_aPZ7 _bS7.6 |
|
| 100 | 1 |
_aStanton, Philip, _d1962- _935652 |
|
| 245 | 1 | 1 |
_a¡No tengo sueño! / _cPhilip Stanton. |
| 260 |
_aMadrid : _bSM, _c2006. |
||
| 300 |
_a[45] p. : _bil. col. |
||
| 440 | 0 |
_aEl barco de vapor. _pLa gata misha |
|
| 650 | 7 |
_aLiteratura infantil estadounidense _2 _99173 |
|
| 650 | 4 |
_aLibros y lectura para niños _92290 |
|
| 905 | _aInfantil | ||
| 999 |
_c170375 _d170375 |
||